| 000 -LEADER |
| fixed length control field |
00847nam a22001217a 4500 |
| 040 ## - CATALOGING SOURCE |
| Transcribing agency |
RUA |
| 100 ## - MAIN ENTRY--AUTHOR NAME |
| Personal name |
KIMSIPHAN VANNITHAI គឹមស៊ីផាន វ៉ាន់នីថៃ |
| 245 ## - TITLE STATEMENT |
| Title |
STUDY ON LAND USE AND LAND COVER CHANGE IN PHNOM KHNONG PHSAR ECOTOURISM AREA IN TASAL COMMUNE, AORAL DISTRICT, KAMPONG SPEU PROVINCE សិក្សាពីបម្រែបម្រួលការប្រើប្រាស់ដី និងគម្របដីនៅតំបន់អេកូទេសចរណ៍ភ្នំខ្នងផ្សារ ឃុំតាសាល ស្រុកឪរ៉ាល់ ខេត្តកំពង់ស្ពឺ |
| 260 ## - PUBLICATION, DISTRIBUTION, ETC. (IMPRINT) |
| Place of publication |
PHNOM PENH |
| Name of publisher |
RUA |
| Year of publication |
2023 |
| 300 ## - PHYSICAL DESCRIPTION |
| Number of Pages |
XII. 70P |
| Other physical details |
VIII. |
| Dimensions |
29CM |
| 856 ## - ELECTRONIC LOCATION AND ACCESS |
| Uniform Resource Identifier |
https://drive.google.com/file/d/16qmeck7alAdjgWwpdr7j6woOrFmmfOG5/view?usp=sharing |
| 942 ## - ADDED ENTRY ELEMENTS (KOHA) |
| Koha item type |
LMA |
| 952 ## - LOCATION AND ITEM INFORMATION (KOHA) |
| Withdrawn status [LOCAL, KOHA] |
0 |
| 952 ## - LOCATION AND ITEM INFORMATION (KOHA) |
| Withdrawn status [LOCAL, KOHA] |
0 |
| 952 ## - LOCATION AND ITEM INFORMATION (KOHA) |
| Withdrawn status [LOCAL, KOHA] |
0 |
| 952 ## - LOCATION AND ITEM INFORMATION (KOHA) |
| Withdrawn status [LOCAL, KOHA] |
0 |